000 03188nam a22002777a 4500
003 DO-CoUTE
005 20241118103609.0
008 241118b dr ||||| |||| 00| 0 spa d
040 _aDO-CoUTE
_bspa
_cDO-CoUTE
041 _aspa
090 _aMQ 2024 V45
100 1 _aVillanueva Tejada, Orlania Esther
_esustentante
245 1 0 _aEvaluación del Contenido de Micronutrientes y Macronutrientes, pH, Aniones y Cationes Presentes en el Suelo del Vertedero de Fantino /
_cOrlania Esther Villanueva, Tejada Angelita Burgos López ; asesor, Miguel Morales Toyo
260 _aCotui, Repùblica Dominicana :
_bUTECO,
_c2024
300 _a42 hojas :
_bTablas, fotografías ;
_c21x28cm,
_e+ 1 CD-ROM
502 _a Trabajo PostGrado ( Maestría de Química) Universidad Tecnológica del Cibao Oriental, 2024.
504 _a Incluye referencia bibliográfica e índice.
520 _aLa acumulación de basuras en cualquier lugar que no haya sido correctamente habilitado trae consigo grandes peligros cuando no se gestionan correctamente, son una fuente de contaminantes del suelo, esto supone una contaminación localizada que pone en riesgo la calidad del suelo del vertedero. Este es uno de los recursos más importantes considerados para la vida, por lo que un suelo contaminado podría resultar incompatible con sus propiedades funcionales de uso. La metodología utilizada en este estudio fue de carácter no experimental, con un tipo de investigación analítica y descriptiva. El estudio se realizó en el vertedero de Fantino, donde se cavó un agujero de 30 a 50 cm de profundidad utilizando una pala y una cinta métrica para medir la profundidad, recolectadas en un balde limpio y luego en fundas Ziploc, los resultados arrojaron que el pH encontrado fue alcalino mientras que los aniones hallados fueron nitratos, sulfatos, cloruros, fosfatos y carbonatos. Los cationes fueron Na+, NH4, Mn+, y el Ni+. Los micronutrientes fueron B, Cu, Fe, Mo y Zn finalmente los macronutirntes encontrados fueron N total, P total, K, Ca y Mg. Se concluyó que los valores de pH encontrado tanto en la muestra número 1 y 2 se encuentran bajo los valores establecidos. Mientras que el Ni presentó valores por encima de lo estipulado en la norma, evidenciando un exceso en sus valores, mientras que los demás aniones y cationes no se encuentran estipulados por la norma citada con anterioridad, en el caso del micronutriente B y Zn presentaron valores que se encuentran dentro del rango de normalidad mientras los macronutrientes no se encuentran dentro de la norma establecida para la investigación. Por lo que se recomienda al ministerio de medio ambiente establecer una normativa sobre la calidad ambiental del recurso suelo y criterios de remediación.
650 4 _2Gestión de residuos solidos
700 1 _aOrlania Esther Villanueva Tejada
_esustentante
700 1 _aAngelita Burgos López
_esustentante
700 1 _aMiguel Morales Toyo
_easesor
830 _aTesis y disertaciones académicas (Universidad Tecnológica del Cibao Oriental)
856 _yHaga Click Aquí para Descargar en Texto Completo
942 _2ddc
_cTH
999 _c23669
_d23669